All 100k+ Cities in Mexico on a Map - Statistics

General Stats
  • This quiz has been taken 1,913 times
    1,758 since last reset
  • The average score is 42 of 131
Answers on the Map
Answers color-coded by a green-red scale on the quiz's map according to % correct below.
 
Answer Stats
State City Population % Correct
Distrito Federal Ciudad de México 9,209,944
95%
Baja California Tijuana 1,810,645
92%
Jalisco Guadalajara 1,385,621
89%
Nuevo León Monterrey 1,142,952
88%
Quintana Roo Cancún 888,797
85%
Chihuahua Juárez 1,501,551
84%
Chihuahua Chihuahua 925,762
81%
Puebla Puebla de Zaragoza 1,542,232
81%
Yucatán Mérida 921,771
78%
Baja California Mexicali 854,186
78%
Guanajuato León de los Aldama 1,579,803
71%
Veracruz Veracruz 405,952
71%
Veracruz Veracruz 132,011
71%
Guerrero Acapulco de Juárez 658,609
69%
Oaxaca Oaxaca de Juárez 258,913
69%
Aguascalientes Aguascalientes 863,893
66%
San Luis Potosí San Luis Potosí 845,941
66%
Sonora Hermosillo 855,563
60%
Durango Victoria de Durango 616,068
60%
Baja California Sur San José del Cabo 136,285
59%
Querétaro Santiago de Querétaro 794,789
58%
Baja California Sur La Paz 250,141
56%
Baja California Sur Cabo San Lucas 202,694
55%
México Toluca de Lerdo 223,876
54%
Campeche San Francisco de Campeche 249,623
50%
Coahuila Saltillo 864,431
49%
Coahuila Torreón 690,193
49%
Sinaloa Culiacán Rosales 808,416
48%
Michoacán Morelia 743,275
48%
Colima Colima 146,965
47%
México Ecatepec de Morelos 1,643,623
47%
Zacatecas Zacatecas 138,444
46%
Jalisco Puerto Vallarta 224,166
44%
Tamaulipas Heroica Matamoros 510,739
42%
Sinaloa Mazatlán 441,975
42%
Tamaulipas Nuevo Laredo 416,055
42%
Tamaulipas Reynosa 691,557
42%
Jalisco Zapopan 1,257,547
42%
Tamaulipas Tampico 297,373
41%
Chiapas Tuxtla Gutiérrez 578,830
40%
Baja California Ensenada 330,652
39%
Tabasco Villahermosa 340,060
39%
Veracruz Xalapa-Enríquez 443,063
39%
Morelos Cuernavaca 341,029
38%
Sonora Heroica Nogales 261,137
38%
Nayarit Tepic 371,387
38%
Tamaulipas Ciudad Victoria 332,100
36%
México Ciudad Nezahualcóyotl 1,072,676
35%
Quintana Roo Playa del Carmen 304,942
35%
Quintana Roo Chetumal 169,028
34%
Sonora Ciudad Obregón 329,404
33%
Sinaloa Los Mochis 298,009
33%
Nuevo León Guadalupe 635,862
30%
Zacatecas Guadalupe 170,029
30%
Hidalgo Pachuca de Soto 297,848
30%
Campeche Ciudad del Carmen 191,238
28%
Querétaro San Juan del Río 177,719
28%
Nuevo León San Pedro Garza García 132,128
28%
Guerrero Chilpancingo de los Bravo 225,728
27%
Colima Manzanillo 159,853
27%
Chiapas San Cristóbal de las Casas 183,509
26%
Michoacán Uruapan 299,523
26%
Guanajuato Irapuato 452,090
25%
Coahuila Piedras Negras 173,959
25%
Guanajuato Celaya 378,143
24%
Coahuila Monclova 237,169
24%
México Naucalpan de Juárez 776,220
24%
México Naucalpan de Juárez 134,948
24%
Veracruz Coatzacoalcos 212,540
23%
Sonora Heroica Guaymas 117,253
23%
Sonora San Luis Río Colorado 176,685
23%
Jalisco Tlaquepaque 650,123
23%
Veracruz Córdoba 139,075
22%
Chiapas Tapachula de Córdova y Ordóñez 217,550
22%
Baja California Playas de Rosarito 100,660
21%
Zacatecas Fresnillo 143,281
20%
Guanajuato Salamanca 160,682
20%
Nuevo León San Nicolás de los Garza 412,199
20%
Jalisco Tonalá 442,440
20%
Michoacán Zamora de Hidalgo 154,546
20%
Nuevo León Ciudad Apodaca 536,436
19%
Chihuahua Delicias 128,548
19%
Durango Gómez Palacio 301,742
19%
Veracruz Orizaba 120,500
19%
Puebla Tehuacán 293,825
19%
México Tlalnepantla 658,907
19%
Coahuila Ciudad Acuña 160,225
18%
Veracruz Poza Rica de Hidalgo 180,057
18%
Tamaulipas Ciudad Madero 205,933
17%
Nuevo León Ciudad Santa Catarina 304,052
17%
México Chimalhuacán 703,215
16%
México Cuautitlán 117,995
16%
Veracruz Minatitlán 101,336
16%
Sonora Navojoa 120,926
16%
Nuevo León Ciudad General Escobedo 454,967
15%
Chihuahua Cuauhtémoc 135,586
15%
Nuevo León García 234,698
15%
San Luis Potosí Ciudad Valles 136,351
14%
Morelos Cuautla 157,336
14%
Chihuahua Hidalgo del Parral 113,843
14%
Guerrero Iguala de la Independencia 132,854
14%
Tamaulipas Miramar 161,820
14%
México Chalco de Díaz Covarrubias 174,704
13%
Puebla Cholula de Rivadavia 102,260
13%
Tamaulipas Ciudad Río Bravo 111,314
13%
México Ixtapaluca 368,585
13%
México Ojo de Agua 386,290
13%
San Luis Potosí Soledad de Graciano Sánchez 310,192
13%
México Xico 384,327
13%
Jalisco Ciudad Guzmán 111,975
12%
México Ciudad López Mateos 523,065
12%
Jalisco Lagos de Moreno 111,569
12%
Nuevo León Ciudad Benito Juárez 308,285
11%
México Cuautitlán Izcalli 515,353
11%
México San Francisco Coacalco 293,245
11%
México Ciudad Nicolás Romero 323,545
10%
México Buenavista 216,776
9%
Morelos Jiutepec 174,629
9%
Coahuila Ramos Arizpe 114,010
9%
Michoacán Apatzingán de la Constitución 102,362
8%
México Chicoloapan de Juárez 193,532
8%
Colima Ciudad de Villa de Álvarez 147,496
8%
Yucatán Kanasín 139,753
8%
México San Pablo de las Salinas 157,998
8%
Hidalgo Tulancingo 106,163
8%
Chiapas Comitán de Domínguez 113,479
7%
Oaxaca San Juan Bautista Tuxtepec 103,609
7%
Morelos Temixco 104,461
7%
Querétaro El Pueblito 115,264
6%
Jalisco Hacienda Santa Fe 139,174
6%
México Tepexpan 120,778
6%
No matching quizzes found
Score Distribution
Percent of People with Each Score
Percentile by Number Answered
Your Score History
You have not taken this quiz since the last reset